000 00474 a2200169 4500
003 OSt
005 20231208160654.0
008 231208b |||||||| |||| 00| 0 eng d
020 _a8124016200
040 _coclc
082 _a954.83
_bPAN/K
100 _a Panickassery, Velayudhan
_91773
245 _aKERALOLPATHI /
_cVelayudhan Panickassery
260 _bCurrent books,
_c2017.
300 _a80p
942 _2ddc
_cBK
_h954.83
_iPAN/K
_k954.83
_mPAN/K
999 _c44179
_d44179